Welcome to CU Library Online Public Access Catalogue (OPAC)

Pathways to change : (Record no. 4209)

MARC details
000 -LEADER
fixed length control field 01072pam a2200253 a 4500
001 - CONTROL NUMBER
control field 632779
005 - DATE AND TIME OF LATEST TRANSACTION
control field 20250223160840.0
008 - FIXED-LENGTH DATA ELEMENTS--GENERAL INFORMATION
fixed length control field 930303s1993 nyu b 001 0 eng c
020 ## - INTERNATIONAL STANDARD BOOK NUMBER
International Standard Book Number 9780898620153
050 00 - LIBRARY OF CONGRESS CALL NUMBER
Classification number RJ504.3
Item number .S45 1993
082 00 - DEWEY DECIMAL CLASSIFICATION NUMBER
Classification number 616.89/022
Edition information 20
100 1# - MAIN ENTRY--PERSONAL NAME
Personal name Selekman, Matthew D.,
Dates associated with a name 1957-
245 10 - TITLE STATEMENT
Title Pathways to change :
Remainder of title brief therapy solutions with difficult adolescents /
Statement of responsibility, etc. Matthew D. Selekman.
260 ## - PUBLICATION, DISTRIBUTION, ETC.
Place of publication, distribution, etc. New York :
Name of publisher, distributor, etc. Guilford Press,
Date of publication, distribution, etc. c1993.
300 ## - PHYSICAL DESCRIPTION
Extent ix, 186 p. ;
Dimensions 24 cm.
650 #0 - SUBJECT ADDED ENTRY--TOPICAL TERM
Topical term or geographic name entry element Brief psychotherapy for teenagers.
650 #2 - SUBJECT ADDED ENTRY--TOPICAL TERM
Topical term or geographic name entry element Psychotherapy, Brief
General subdivision in adolescence.
650 #2 - SUBJECT ADDED ENTRY--TOPICAL TERM
Topical term or geographic name entry element Psychotherapy, Brief
General subdivision methods.
856 42 - ELECTRONIC LOCATION AND ACCESS
Materials specified Contributor biographical information
Uniform Resource Identifier <a href="http://www.loc.gov/catdir/bios/guilford051/93000848.html">http://www.loc.gov/catdir/bios/guilford051/93000848.html</a>
856 42 - ELECTRONIC LOCATION AND ACCESS
Materials specified Publisher description
Uniform Resource Identifier <a href="http://www.loc.gov/catdir/description/guilford051/93000848.html">http://www.loc.gov/catdir/description/guilford051/93000848.html</a>
856 41 - ELECTRONIC LOCATION AND ACCESS
Materials specified Table of contents
Uniform Resource Identifier <a href="http://www.loc.gov/catdir/toc/guilford041/93000848.html">http://www.loc.gov/catdir/toc/guilford041/93000848.html</a>
856 41 - ELECTRONIC LOCATION AND ACCESS
Materials specified Sample text
Uniform Resource Identifier <a href="http://www.loc.gov/catdir/enhancements/fy0651/93000848-s.html">http://www.loc.gov/catdir/enhancements/fy0651/93000848-s.html</a>
942 ## - ADDED ENTRY ELEMENTS (KOHA)
Source of classification or shelving scheme Library of Congress Classification
Koha item type Books
Suppress in OPAC No
999 ## -
-- 4209
-- 4209
Holdings
Withdrawn status Lost status Source of classification or shelving scheme Damaged status Not for loan Collection Home library Current library Shelving location Date acquired Total checkouts Full call number Barcode Date last seen Copy number Price effective from Koha item type
    Library of Congress Classification     Non-fiction Science Library (Miotso) Science Library (Miotso) General stacks 02/23/2025   RJ504.3 .S45 SEL SLM00003878 02/23/2025 1 02/23/2025 Books
© 2023-2024 Copyright: Central University Libraries. All Rights Reserved | Created by: Mahone Tech Office